000 00437nam a2200181Ia 4500
001 15770
005 20260306170220.0
008 260306t2000||||xx |||||||||||||| ||und||
041 _aESP
082 _a620.002
_bG44
100 _aGieck, Kurt
_eAUT
245 0 _aManual de fórmulas técnicas:
_bciencia, ingeniería y tecnología
260 _c2000
300 _a
_c
650 _aGEN
654 _aCII
942 _cLIB
_dJUS
_fJUS
_2ddc
_n
999 _c15770
_d15770